| 000 | 00344nam a22001217a 4500 | ||
|---|---|---|---|
| 008 | 150309b xxu||||| |||| 00| 0 eng d | ||
| 020 | _a9781908843623 | ||
| 050 | _aAG 243 .G964 2015 | ||
| 245 |
_aGuiness World Record 2015 / _binside all-new augmented reality |
||
| 260 |
_bGuiness world records _c2014 |
||
| 300 | _a255 p. | ||
| 942 |
_2lcc _cBK |
||
| 999 |
_c283757 _d283757 |
||